000 00604nam a22002057a 4500
005 20251108164141.0
008 250721s1991 xx 000 0 ara d
082 1 4 _a211/جمي
100 1 _aجميل، كامل
245 1 0 _aالأرتباط بين اللغة و الدين /
264 1 _aدبي :
_bمؤسسة المنار،
_c1991.
300 _a272ص.
650 1 7 _aالقرآن الكريم
650 1 7 _aالعلوم القرآنية
650 1 7 _aألفاظ القرآن
650 1 7 _aأحكام القرآن
650 1 7 _aاللغة العربية
942 _2ddc
_cBK
999 _c4912
_d4912